| 000 | 00681nam a2200241 a 4500 | ||
|---|---|---|---|
| 003 | CBULib | ||
| 005 | 20260520091419.0 | ||
| 008 | 130627s2012 ||||||||||||||||| || u | ||
| 020 | _a9781444723700 | ||
| 040 |
_bEnglish _cCBULib _erda |
||
| 041 | _aeng | ||
| 050 | _aPT 6592.23.E94 D39 | ||
| 100 | _aMeyer, Deon | ||
| 245 | 1 | 0 |
_a7 Days _c/ by Deon Meyer |
| 260 |
_aLondon: _bHodder and Stoughton, _c2012. |
||
| 300 | _a343 pages | ||
| 336 |
_2rdacontent _aText | _btxt |
||
| 337 |
_2rdamedia _aUnmediated | _bn |
||
| 338 |
_2rdacarrier _aVolume _bnc |
||
| 650 | 0 |
_aENGLISH LANGUAGE _9166 |
|
| 942 |
_2lcc _c002 |
||
| 999 |
_c33147 _d33147 |
||